000 00419nam a2200133Ia 4500
008 200302s9999 xx 000 0 und d
020 _a9780702071669
245 _cEdited by Nick Watson & Hefin Jones.--
_aChapman & Nakielny's guide to radiological procedures /
250 _a7th ed.
260 _aAmsterdam:
_bELSEVIER
_c2018
300 _axviii, 446 pages:
500 _aincludes index
650 _aMedical radiology.
999 _c363067
_d363067